000 003300000a22001450004500
003 MACL
040 _aMACL
090 _c42564
_d42562
100 _aChatterjee, Madhab Chandra
245 _aKolkata Information Directory
260 _bGyanpith Publication
_c2008
350 _a495
650 _aDirectory
942 _cBOOK
_k050/CHA
999 _c42114
_d42114